000 00586nam a2200229Ia 4500
003 OSt
005 20230602094849.0
008 210423s2015 xx 000 0 und d
020 _a978-93-83382-14-9
040 _cAL
041 _aeng
082 _a362 PAWW
100 _aPAWAR (Sanjeet)
_9118553
245 _aWelfare program
260 _aNew Delhi
_bRohit publications
_c2015
300 _av,216
_bHB
365 _b1000
_cINR
650 _aSocial Sciences
_9118554
650 _aSocial Welfare Problems & Services
_9118555
906 _aprogram ; Welfare
942 _2ddc
_cBK
999 _c176446
_d176446